Catálogo
 En Linea

Aequitas, aequalitas, auctoritas : (Registro nro. 41986)

Detalles MARC
000 -CABECERA
campo de control de longitud fija 00957nam a2200217 a 4500
001 - NÚMERO DE CONTROL
campo de control 000042497
005 - FECHA Y HORA DE LA ÚLTIMA TRANSACCIÓN
campo de control 20201002040207.0
008 - DATOS DE LONGITUD FIJA--INFORMACIÓN GENERAL
campo de control de longitud fija 131204s1992 fr 000 0 spa d
020 ## - NÚMERO INTERNACIONAL ESTÁNDAR DEL LIBRO
Número Internacional Estándar del Libro 2711611035
040 ## - FUENTE DE LA CATALOGACIÓN
Centro catalogador/agencia de origen DO-SdBNP
Lengua de catalogación spa
Centro/agencia transcriptor BNPHU
082 ## - NÚMERO DE LA CLASIFICACIÓN DECIMAL DEWEY
Número de clasificación nnn
Número de documento/Ítem A251a
245 00 - MENCIÓN DE TÍTULO
Título Aequitas, aequalitas, auctoritas :
Resto del título raison théorique et légitimation de l'autorité dans le XVIe siècle européen : [actes du IIe colloque international (1990) du Centre de Recherche en Philosophie Politique et Sociale de l'Université d'Ottawa /
Mención de responsabilidad, etc. sous la direction de Danièle Letocha.
260 ## - PUBLICACIÓN, DISTRIBUCIÓN, ETC.
Lugar de publicación, distribución, etc. Paris :
Nombre del editor, distribuidor, etc. Librairie Philosophique J. Vrin,
Fecha de publicación, distribución, etc. 1992.
300 ## - DESCRIPCIÓN FÍSICA
Extensión xviii, 359 p. ;
Dimensiones 25 cm.
490 1# - MENCIÓN DE SERIE
Mención de serie De Pétrarque à Descartes
Designación de volumen o secuencia 54
500 ## - NOTA GENERAL
Nota general Incluye índice
504 ## - NOTA DE BIBLIOGRAFÍA, ETC.
Nota de bibliografía, etc. Incluye referencias bibliográficas y notas al pie de las páginas
590 ## - NOTA LOCAL (RLIN)
Nota local Inventariado, 2019 /LP
700 12 - PUNTO DE ACCESO ADICIONAL--NOMBRE DE PERSONA
Nombre de persona Letocha, Danièle
9 (RLIN) 69692
830 #0 - PUNTO DE ACCESO ADICIONAL DE SERIE-TÍTULO UNIFORME
Título uniforme De Pétrarque à Descartes
Designación de volumen o secuencia 54
9 (RLIN) 69693
Existencias
Estado de retiro Estado de pérdida Restricciones de uso No para préstamo Código de colección Localización permanente Ubicación/localización actual Ubicación en estantería Fecha de adquisición Número de inventario Total de préstamos Signatura topográfica completa Código de barras Fecha visto por última vez Precio válido a partir de Tipo de ítem Koha
      Excluido de préstamo Monografías: Libros y Folletos General General Depósito 04.12.2013 LF1   nnn A251a 42497-10 25.06.2020 25.06.2020 No se presta

Con tecnología Koha